المخلوقات البحرية. (Record no. 77283)
[ view plain ]
| 000 -LEADER | |
|---|---|
| fixed length control field | 00530cab a2200169 a 4500 |
| 005 - DATE AND TIME OF LATEST TRANSACTION | |
| control field | 20230110151830.0 |
| 008 - FIXED-LENGTH DATA ELEMENTS--GENERAL INFORMATION | |
| fixed length control field | 151024s2009 le a g 000 0 ara d |
| 050 #4 - LIBRARY OF CONGRESS CALL NUMBER | |
| Classification number | GC1441 |
| Item number | .M35 2009 |
| 245 02 - TITLE STATEMENT | |
| Title | المخلوقات البحرية. |
| 250 ## - EDITION STATEMENT | |
| Edition statement | ط. 1. |
| 260 ## - PUBLICATION, DISTRIBUTION, ETC. | |
| Place of publication, distribution, etc. | طرابلس، لبنان : |
| Name of publisher, distributor, etc. | شركة دار الشمال، |
| Date of publication, distribution, etc. | 2009. |
| 300 ## - PHYSICAL DESCRIPTION | |
| Extent | 31 ص. : |
| Other physical details | مصور ؛ |
| Dimensions | 28 سم. |
| 490 0# - SERIES STATEMENT | |
| Series statement | موسوعة الحيوان |
| 650 #4 - SUBJECT ADDED ENTRY--TOPICAL TERM | |
| Topical term or geographic name entry element | البيئة البحرية. |
| 650 #4 - SUBJECT ADDED ENTRY--TOPICAL TERM | |
| Topical term or geographic name entry element | البيئة المائية. |
| 942 ## - ADDED ENTRY ELEMENTS (KOHA) | |
| Source of classification or shelving scheme | Library of Congress Classification |
| Withdrawn status | Lost status | Source of classification or shelving scheme | Damaged status | Not for loan | Home library | Current library | Date acquired | Total Checkouts | Barcode | Date last seen | Copy number | Price effective from | Koha item type | Public note |
|---|---|---|---|---|---|---|---|---|---|---|---|---|---|---|
| Library of Congress Classification | Emirates National Library | Emirates National Library | 01/10/2023 | 386241 | 01/10/2023 | 1 | 01/10/2023 | BOOK | VIRTUAITEM |
